The taxes in grain in Ptolemaic Egypt : granary receipts from Diospolis Magna, 164-88 B.C. /

محفوظ في:

المؤلف الرئيسي: Packman, Zola M. (مؤلف)

التنسيق: كتاب

اللغة: English

منشور في: New Haven : American Society of Papyrologists, 1968.

سلاسل: American Studies in Papyrology ; 4.
ASP ; 4.

الموضوعات:

الوسوم: إضافة وسم

لا توجد وسوم, كن أول من يضع وسما على هذه التسجيلة!

رقم الطلب: PA3339 .A51 v.4

LEADER 00914nam a22002777a 4500
003 OSt
005 20250929115035.0
008 250929t1968 ctua b 001 0 eng d
010 |a 72081537 
040 |c ARCE Library 
043 |a f-ua--- 
050 1 4 |a PA3339  |b .A51 v.4 
100 1 |a Packman, Zola M.,  |e author  |9 37219 
245 1 4 |a The taxes in grain in Ptolemaic Egypt :  |b granary receipts from Diospolis Magna, 164-88 B.C. /  |c [by] Zola M. Packman. 
264 1 |a New Haven :   |b American Society of Papyrologists,   |c 1968. 
300 |a 84 pages :  |b illustrations ;  |c 29 cm. 
490 1 |a American Studies in Papyrology ;   |v 4. 
490 1 |a ASP ;   |v 4. 
500 |a Originated as thesis, Yale University. 
504 |a Bibliography : pages 83-84. 
650 0 |a Taxation  |z Egypt. 
830 0 |a American Studies in Papyrology ;   |v 4. 
830 0 |a ASP ;   |v 4. 
901 |a reviewed 
942 |c BK  |2 lcc 
999 |c 22318  |d 22318